Esok, Saya Akan Terus Berjalan / (Record no. 203720)
[ view plain ]
| 000 -LEADER | |
|---|---|
| fixed length control field | 01455nam a2200409 i 4500 |
| 003 - CONTROL NUMBER IDENTIFIER | |
| control field | OSt |
| 005 - DATE AND TIME OF LATEST TRANSACTION | |
| control field | 20260407115351.0 |
| 008 - FIXED-LENGTH DATA ELEMENTS--GENERAL INFORMATION | |
| fixed length control field | 260407t20252023my a gr 000 0 may |
| 020 ## - INTERNATIONAL STANDARD BOOK NUMBER | |
| International Standard Book Number | 9786297665603 |
| Qualifying information | paperback |
| Terms of availability | RM 42.00 |
| 040 ## - CATALOGING SOURCE | |
| Original cataloging agency | PPAK |
| Language of cataloging | eng |
| Transcribing agency | PPAK |
| Description conventions | rda |
| 041 ## - LANGUAGE CODE | |
| Language code of text/sound track or separate title | malay |
| Language code of original | korean |
| 082 04 - DEWEY DECIMAL CLASSIFICATION NUMBER | |
| Classification number | 158.1 |
| Edition number | 23 |
| 090 00 - LOCALLY ASSIGNED LC-TYPE CALL NUMBER (OCLC); LOCAL CALL NUMBER (RLIN) | |
| Classification number (OCLC) (R) ; Classification number, CALL (RLIN) (NR) | 158.1 |
| Feature heading | DAN |
| Feature heading | G |
| 100 0# - MAIN ENTRY--PERSONAL NAME | |
| Personal name | Dancing Snail, |
| Relator term | author. |
| -- | illustrator. |
| 240 ## - UNIFORM TITLE | |
| Uniform title | 내일도 계속 걸어가겠습니다 |
| Language of a work | Korean |
| 245 10 - TITLE STATEMENT | |
| Title | Esok, Saya Akan Terus Berjalan / |
| Statement of responsibility, etc. | Teks dan Ilustrasi oleh: Dancing Snail ; Penterjemah: Shafiqah Azman |
| 264 #1 - PRODUCTION, PUBLICATION, DISTRIBUTION, MANUFACTURE, AND COPYRIGHT NOTICE | |
| Place of production, publication, distribution, manufacture | Kajang, Selangor : |
| Name of producer, publisher, distributor, manufacturer | NAMI, imprint of IMAN PUBLICATION SDN BHD, |
| Date of production, publication, distribution, manufacture, or copyright notice | 2025 |
| Date of production, publication, distribution, manufacture, or copyright notice | ©2023 |
| 300 ## - PHYSICAL DESCRIPTION | |
| Extent | 239 pages : |
| Other physical details | colour illustrations ; |
| Dimensions | 19 cm |
| 336 ## - CONTENT TYPE | |
| Content type term | text |
| Source | rdacontent |
| 337 ## - MEDIA TYPE | |
| Media type term | unmediated |
| Source | rdamedia |
| 338 ## - CARRIER TYPE | |
| Carrier type term | volume |
| Source | rdacarrier |
| 500 ## - GENERAL NOTE | |
| General note | Translations from 내일도 계속 걸어가겠습니다 by Dancing Snail |
| 504 ## - BIBLIOGRAPHY, ETC. NOTE | |
| Bibliography, etc. note | Bibliography: pages 205-208 |
| 546 ## - LANGUAGE NOTE | |
| Language note | Text in Malay translated from Korean. |
| 650 10 - SUBJECT ADDED ENTRY--TOPICAL TERM | |
| Topical term or geographic name entry element | Self-actualization (Psychology) |
| Topical term or geographic name entry element | Self-acceptance |
| Topical term or geographic name entry element | Mental health |
| Topical term or geographic name entry element | Well-being |
| Topical term or geographic name entry element | Stress management |
| 700 0# - ADDED ENTRY--PERSONAL NAME | |
| Personal name | Shafiqah Azman, |
| Relator term | translator. |
| 765 ## - ORIGINAL LANGUAGE ENTRY | |
| Title | 내일도 계속 걸어가겠습니다 |
| Main entry heading | Dancing Snail |
| Place, publisher, and date of publication | ©2023 |
| 942 ## - ADDED ENTRY ELEMENTS (KOHA) | |
| Source of classification or shelving scheme | Dewey Decimal Classification |
| Koha item type | Book |
| 949 ## - LOCAL PROCESSING INFORMATION (OCLC) | |
| 6 | 2000621501 |
| 6 | 2000621502 |
| 6 | 2000621500 |
No items available.